| 000 | 00416nam a2200157Ia 4500 | ||
|---|---|---|---|
| 008 | 210716s2001 xx 000 0 und d | ||
| 020 | _a584500093 | ||
| 041 | _aeng | ||
| 082 | _a005.268 COLL | ||
| 100 | _aColumbus, Louis. | ||
| 245 | _aMicrosoft windows 2000 professional handbook. | ||
| 250 | _a1 | ||
| 260 |
_aHingham _bCharles River Media _c2001 |
||
| 300 | _axiv,448 | ||
| 650 | _aMicrosoft Windows(005.269) | ||
| 999 |
_c187778 _d187778 |
||